Name Richard Wagner’s Operas - Statistics

General Stats
  • This quiz has been taken 110 times
  • The average score is 10 of 13
Answer Stats
Composed Answer % Correct
1854 Das Rheingold
91%
1856 Die Walküre
91%
1859 Tristan und Isolde
91%
1871 Siegfried
88%
1841 Der fliegende Holländer
86%
1874 Götterdämmerung
85%
1882 Parsifal
83%
1867 Die Meistersinger von Nürnberg
80%
1848 Lohengrin
80%
1845 Tannhäuser
71%
1840 Rienzi
56%
1834 Die Feen
50%
1836 Das Liebesverbot
48%
No matching quizzes found
Score Distribution
Percent of People with Each Score
Percentile by Number Answered
Your Score History
You have not taken this quiz